000 00668cam a22002413a 4500
001 23057
003 PGUSA
005 20140828083506.0
008 071017s2007||||xxu|||||s|||||000 | eng d
040 _aPGUSA
_beng
042 _adc
050 4 _aPQ
100 1 _aMérimée, Prosper,
_d1803-1870
245 1 0 _aHow The Redoubt Was Taken :
_b1896
_h[electronic resource] /
_cProsper Mérimée
260 _bProject Gutenberg,
_c2007
506 _aPublic domain in the USA.
516 _aElectronic text
653 _aShort stories
653 _aWar stories
830 0 _aProject Gutenberg
_v23057
856 4 0 _uhttp://www.gutenberg.org/ebooks/23057
942 _cEB
999 _c252312
_d252312